Química inorg nica elemental / Clemente, Ju rez y Contreras (Registro nro. 20405)
[ vista simple ]
| 000 -LÍDER | |
|---|---|
| fixed length control field | 00394nam a2200133 4500 |
| 008 - ELEMENTOS DE LONGITUD FIJA -- INFORMACIÓN GENERAL | |
| fixed length control field | 01965 0a 000 0MEX |
| 050 ## - SIGNATURA TOPOGRAFICA DE LA BIBLIOTECA DEL CONGRESO (LC) | |
| Número de Clasificación | QD151.2 J91 |
| 082 ## - NUMERO DE CLASIFICACION DECIMAL DEWEY | |
| Número de Clasificación | 547.1 J251q |
| 100 ## - ASIENTO PRINCIPAL--NOMBRE PERSONAL | |
| Nombre personal | Ju rez y Contreras, Clemente |
| 245 ## - TÍTULO | |
| Título | Química inorg nica elemental / Clemente, Ju rez y Contreras |
| 260 ## - PUBLICACIÓN, DISTRIBUCIÓN, ETC. (PIE DE IMPRENTA) | |
| Lugar de publicación, distribución, etc. | México : IPN |
| 300 ## - DESCRIPCIÓN FÍSICA | |
| Extensión | 564p. / 23 cm. |
| 650 ## - ASIENTO SECUNDARIO DE MATERIA - TERMINO TEMÁTICO | |
| Término temático o nombre geográfico como elemento de entrada | 1. QUIMICA INORGANICA |
| No. biblioteca | No. biblioteca | Número de clasificación | Código de barras/Número de adquisición | Número de copia | Tipo de material |
|---|---|---|---|---|---|
| LUIS G. INCLAN | LUIS G. INCLAN | 547.1 J251q | 4595 | 3 | Libros |
